000 01006nam a2200229Ii 4500
003 JO-AjNU
008 230605s9999||||xx |||||||||||||| ||und||
017 _a2014/12/5689
020 _a978-9957-484-49-1
040 _aJO-AjNU
_bara
_erda
_cJO-AjNU
041 _aara
050 1 4 _aBP63.J6.A28 2014
100 3 _aأبو رمان، محمد ؛ م.مشارك: حسن أبو هنية ؛ مراجعة وتدقيق: ميس نوايسة ، فراس خير الله,
_eauthor
_956689
245 0 0 _aالحل الإسلامي في الأردن : الإسلاميون والدولة ورهانات الديمقراطية والأمن
250 _aط2
264 3 1 _aعمان: مؤسسة فريدريش ايبرت، 2014
300 _a460ص
_bالمصادر والمراجع ص 435-460
336 _atext
_btxt
_2rdacontent
337 _aunmediated
_bn
_2rdamedia
338 _avolume
_bnc
_2rdacarrier
650 4 _aجماعة الاخوان المسلمين- الاردن- الاسلام والدولة
_956690
999 _aA25360
_c28928
_d28928